Refinancing PFI project vehicles (Record no. 63219)

MARC details
000 -LEADER
fixed length control field 00695cam a2200217 4500
001 - CONTROL NUMBER
control field ABS62198
008 - FIXED-LENGTH DATA ELEMENTS--GENERAL INFORMATION
fixed length control field 000000n2000 000 0 eng u
035 ## - SYSTEM CONTROL NUMBER
System control number (Sirsi) u105511
100 0# - MAIN ENTRY--PERSONAL NAME
Personal name Eller, N.
245 ## - TITLE STATEMENT
Title Refinancing PFI project vehicles
260 ## - PUBLICATION, DISTRIBUTION, ETC.
Date of publication, distribution, etc. 2000
490 ## - SERIES STATEMENT
Series statement Construction Law Bulletin
Volume/sequential designation Winter1999/2000, 8-11(4)
520 ## - SUMMARY, ETC.
Summary, etc. Discusses some of the issues which may arise when refinancing a PFI project after completion of the construction phase.
590 ## - LOCAL NOTE (RLIN)
Local note ABS
650 ## - SUBJECT ADDED ENTRY--TOPICAL TERM
Topical term or geographic name entry element PFI
650 ## - SUBJECT ADDED ENTRY--TOPICAL TERM
Topical term or geographic name entry element PRIVATE FINANCE INITIATIVE
650 ## - SUBJECT ADDED ENTRY--TOPICAL TERM
Topical term or geographic name entry element REFINANCING
650 0# - SUBJECT ADDED ENTRY--TOPICAL TERM
Topical term or geographic name entry element FINANCING AGREEMENTS
690 ## - LOCAL SUBJECT ADDED ENTRY--TOPICAL TERM (OCLC, RLIN)
Topical term or geographic name as entry element MANAGEMENT-BUSINESS MANAGEMENT-FINANCIAL MANAGEMENT
942 ## - ADDED ENTRY ELEMENTS (KOHA)
Suppress in OPAC 0
Holdings
Withdrawn status Lost status Source of classification or shelving scheme Damaged status Not for loan Home library Current library Shelving location Date acquired Total Checkouts Full call number Barcode Date last seen Copy number Price effective from Koha item type
    Dewey Decimal Classification     London London Journal article 20/04/2000   ABS62198 105511-1001 06/08/2019 1 06/08/2019 Journal article